Risk, liability and insurance, (Record no. 121291)
[ view plain ]
| 000 -LEADER | |
|---|---|
| fixed length control field | 01724nam a22002777a 4500 |
| 001 - CONTROL NUMBER | |
| control field | 121291 |
| 008 - FIXED-LENGTH DATA ELEMENTS--GENERAL INFORMATION | |
| fixed length control field | 221229s2021 xxk|||||o|||| 00| 0 eng d |
| 020 ## - INTERNATIONAL STANDARD BOOK NUMBER | |
| ISBN | 9781783214167 |
| 041 ## - LANGUAGE CODE | |
| Language code of text/sound track or separate title | eng |
| 110 ## - MAIN ENTRY--CORPORATE NAME | |
| Corporate author | Royal Institution of Chartered Surveyors |
| 245 ## - TITLE STATEMENT | |
| Title | Risk, liability and insurance, |
| Subtitle | RICS guidance note, UK |
| Medium | [Electronic resource] |
| 250 ## - EDITION | |
| Edition statement | 1st |
| 260 ## - PUBLICATION INFORMATION | |
| Place of publication | London, |
| Publisher | Royal Institution of Chartered Surveyors, |
| Date | April 2021 |
| 490 ## - SERIES TITLE | |
| Series statement | RICS guidance note |
| 490 ## - SERIES TITLE | |
| Series statement | RICS Practice Information |
| 500 ## - GENERAL NOTE | |
| General note | Effective from 1 April 2021 |
| 520 ## - ABSTRACT | |
| Abstract | This guidance note is intended to assist both members and their clients in understanding the main risks and liabilities associated with surveying. It guides members in the negotiation of equitable contracts with clients and the avoidance of major risks and pitfalls. This guidance note was amended on 30th November 2021 to include paragraph 2.4.5 covering the subject of indemnities requested by a client, which had been omitted from the original version in error. Includes guidance on liability caps, third party reliance, terms and conditions, professional indemnity insurance. |
| 520 ## - ABSTRACT | |
| Abstract | This document was originally published in April 2021 as an RICS guidance note and was reissued in October 2022 as RICS practice information. Appendix F on Construction Insurance was added in October 2023 |
| 650 ## - KEYWORDS | |
| Keywords | PROFESSIONAL STANDARDS |
| 650 ## - KEYWORDS | |
| Keywords | LIABILITY |
| 651 ## - SUBJECT ADDED ENTRY--GEOGRAPHIC NAME | |
| Geographic name | United Kingdom |
| 690 ## - BROAD SUBJECT | |
| 9 (RLIN) | 6249 |
| Broad subject | Insurance |
| 710 ## - ADDED CORPORATE NAME | |
| Added corporate author | Royal Institution of Chartered Surveyors |
| 856 ## - ONLINE RESOURCE | |
| Uniform Resource Identifier | <a href="https://www.rics.org/uk/upholding-professional-standards/standards-of-conduct/risk-liability-and-insurance/">https://www.rics.org/uk/upholding-professional-standards/standards-of-conduct/risk-liability-and-insurance/</a> |
| Public note | Available free on RICS.org |
| 942 ## - ADDED ENTRY ELEMENTS (KOHA) | |
| Suppress in OPAC | Do not suppress in OPAC |
| Lost status | Source of classification or shelving scheme | Damaged status | Not for loan | Current library | Shelving location | Date acquired | Total Checkouts | Date last seen | Price effective from | Koha item type |
|---|---|---|---|---|---|---|---|---|---|---|
| Dewey Decimal Classification | Virtual | Online | 29/12/2022 | 23/03/2023 | 29/12/2022 | Online material |